Pentecostalism. (Record no. 14155)

000 -LEADER
fixed length control field 00527nam a2200181 a 4500
001 - CONTROL NUMBER
control field :::00011979$&:&@@
003 - CONTROL NUMBER IDENTIFIER
control field OkBaRHE
005 - DATE AND TIME OF LATEST TRANSACTION
control field 20000607103414.0
008 - FIXED-LENGTH DATA ELEMENTS--GENERAL INFORMATION
fixed length control field s1971 j 000 0 eng u
040 ## - CATALOGING SOURCE
Transcribing agency
100 1# - MAIN ENTRY--PERSONAL NAME
Personal name Gaver, Jessyca Russell.
245 10 - TITLE STATEMENT
Title Pentecostalism.
260 ## - PUBLICATION, DISTRIBUTION, ETC. (IMPRINT)
Place of publication, distribution, etc New York, NY., :
Name of publisher, distributor, etc Award Books
Date of publication, distribution, etc c1971
300 ## - PHYSICAL DESCRIPTION
Extent 286 p. ;
Dimensions 18 cm.
650 ## - SUBJECT ADDED ENTRY--TOPICAL TERM
Topical term or geographic name as entry element Pentecostal Churches
942 ## - ADDED ENTRY ELEMENTS (KOHA)
Source of classification or shelving scheme
Koha item type Books
Copies
Koha item type Price effective from Source of classification or shelving scheme Date last seen Shelving location Date acquired Full call number Barcode Lost status Not for loan Withdrawn status Permanent Location Copy number Damaged status
Books2010-04-14 2012-02-07General Stacks2010-04-14BX 8763 .G311979   RHEMA Bible Training College1